[Event "October Standard"]
[Site "SchemingMind.com"]
[Date "2005.10.08"]
[Round "-"]
[White "Masticore99"]
[Black "loco61"]
[Result "0-1"]
[WhiteCountry "USA"]
[BlackCountry "ENG"]
[WhiteElo "1552"]
[WhiteRD "76"]
[BlackElo "1551"]
[BlackRD "59"]
[GameID "27060"]

1. e4 e5 2. Nf3 Nc6 3. Bb5 d6 4. d4 Bd7 5. Bxc6 Bxc6 6. d5 Bb5 7. a4 Ba6 8. b3 c6 9. dxc6 bxc6 10. c4 Nf6
11. Nc3 Bb7 12. O-O Be7 13. Re1 O-O 14. Ba3 h6 15. Qd2 a6 16. a5 c5 17. b4 Qc7 18. Rab1 cxb4 19. Bxb4 Qxc4 20. Bxd6 Nxe4
21. Nxe4 Bxe4 22. Bxe7 Bxb1 23. Bxf8 Qb3 24. Bd6 e4 25. Rxe4 Bxe4 26. Qe2 Qb1+ 27. Qe1 Qxe1+ 28. Nxe1 Rd8 29. Bb4 Rd1 30. f3 Bd3
31. Kf2 Bb5 32. g3 f5 33. Ng2 g5 34. Bc5 Kf7 35. Ke3 Rd3+ 36. Kf2 Rd2+ 37. Kg1 Ra2 38. Bb6 Ke6 39. h4 Be2 40. hxg5 hxg5
41. f4 gxf4 42. Nxf4+ Ke5 43. Kh2 Bg4+ 44. Kg1 Ke4 45. Kf1 Kf3
0-1

[Event "October Standard"]
[Site "SchemingMind.com"]
[Date "2005.10.08"]
[Round "-"]
[White "Masticore99"]
[Black "cnbcad"]
[Result "0-1"]
[WhiteCountry "USA"]
[BlackCountry "USA"]
[WhiteElo "1557"]
[WhiteRD "77"]
[BlackElo "1530"]
[BlackRD "50"]
[GameID "27061"]

1. d4 d5 2. Nf3 b5 3. e3 Nf6 4. Bxb5+ c6 5. Ba4 Ne4 6. O-O g6 7. Qd3 Bg7 8. c4 O-O 9. cxd5 cxd5 10. Nc3 Bg4
11. Ne5 Bxe5 12. dxe5 Ng5 13. Qxd5 e6 14. Qxa8 Qd3 15. e4 Nh3+ 16. gxh3 Bxh3 17. Bg5 Qf3
0-1

[Event "October Standard"]
[Site "SchemingMind.com"]
[Date "2005.10.08"]
[Round "-"]
[White "Masticore99"]
[Black "e_castle3"]
[Result "0-1"]
[WhiteCountry "USA"]
[BlackCountry "PHI"]
[WhiteElo "1552"]
[WhiteRD "76"]
[BlackElo "1773"]
[BlackRD "85"]
[GameID "27062"]

1. e4 e6 2. d4 d5 3. Nc3 dxe4 4. Nxe4 Nf6 5. Bg5 Be7 6. Nf3 Nxe4 7. Bxe7 Qxe7 8. Bd3 Nf6 9. O-O O-O 10. c4 c6
11. Re1 Rd8 12. Qc2 h6 13. Rad1 Na6 14. a3 Nc7 15. Ne5 Rd6 16. c5 Rd8 17. Bc4 Ncd5 18. Re4 Nxe4 19. Qxe4 Bd7 20. Bxd5 exd5
21. Qf3 Be8 22. Re1 Qg5 23. Re3 f6 24. Nd3 Bg6 25. Qg3 Qxg3 26. Rxg3 Bxd3 27. Rxd3 Re8 28. Kf1 Re6 29. Rb3 Rae8 30. f3 R8e7
31. g4 Re3 32. Rxe3 Rxe3 33. Kf2 Rd3
0-1

[Event "October Standard"]
[Site "SchemingMind.com"]
[Date "2005.10.08"]
[Round "-"]
[White "Masticore99"]
[Black "CHED"]
[Result "0-1"]
[WhiteCountry "USA"]
[BlackCountry "USA"]
[WhiteElo "1528"]
[WhiteRD "79"]
[BlackElo "1596"]
[BlackRD "84"]
[GameID "27063"]

1. d4 Nf6 2. c4 g6 3. Bg5 Bg7 4. e3 O-O 5. Nf3 d6 6. g3 Nbd7 7. Nc3 c5 8. Bg2 a6 9. O-O cxd4 10. exd4 Qc7
11. Qd3 Nb6 12. b3 Bf5 13. Qe3 Rfe8 14. Rad1 Ng4 15. Qc1 h6 16. Bf4 e5 17. dxe5 dxe5 18. Bd2 Kh7 19. h3 Nf6 20. Rfe1 Rad8
21. g4 Bc8 22. Ne4 Nbd7 23. g5 Nxe4 24. Rxe4 h5 25. Bc3 b6 26. b4 Bb7 27. Re2 e4 28. Nh4 Qxc4 29. Bxg7 Qxe2 30. Bb2 e3
31. Bxb7 Qxf2+ 32. Kh1 Qxh4 33. Bg2 Qxg5 34. Qc3 Ne5 35. Rxd8 Rxd8 36. Qxe5 Rd1+ 37. Kh2 Qxe5+ 38. Bxe5 e2 39. Bg3 e1=Q 40. Bxe1 Rxe1
41. Kg3 Kg7 42. Bb7 Re3+ 43. Kf4 Ra3 44. Bd5 Kf6 45. h4 Ra4
0-1

[Event "October Standard"]
[Site "SchemingMind.com"]
[Date "2005.10.08"]
[Round "-"]
[White "Masticore99"]
[Black "lucyjugs"]
[Result "1-0"]
[WhiteCountry "USA"]
[BlackCountry "GBR"]
[WhiteElo "1552"]
[WhiteRD "76"]
[BlackElo "1299"]
[BlackRD "62"]
[GameID "27065"]

1. d4 Nf6 2. c4 d6 3. Nc3 g6 4. Nf3 Bg7 5. g3 O-O 6. Bg2 Nbd7 7. O-O e5 8. dxe5 dxe5 9. Qc2 c6 10. b4 Re8
11. Ne4 Nxe4 12. Qxe4 f5 13. Qc2 Nf6 14. Bg5 Rf8 15. Nxe5 Qd4 16. Nf3 Qd8 17. Rad1 Qe7 18. Rfe1 a5 19. e4 Qxb4 20. Bxf6 Bxf6
21. e5 Bg7 22. e6 Re8 23. Nd4 Bxd4 24. Rxd4 Bxe6 25. Rb1
1-0

[Event "October Standard"]
[Site "SchemingMind.com"]
[Date "2005.10.09"]
[Round "-"]
[White "loco61"]
[Black "Masticore99"]
[Result "0-1"]
[WhiteCountry "ENG"]
[BlackCountry "USA"]
[WhiteElo "1551"]
[WhiteRD "59"]
[BlackElo "1552"]
[BlackRD "76"]
[GameID "27066"]

1. e4 e6 2. d4 d5 3. e5 c5 4. Nf3 cxd4 5. Nxd4 Nc6 6. Be3 Qa5+ 7. Bd2 Qb6 8. Bc3 Bc5 9. Bb5 Bd7 10. Bxc6 Bxc6
11. O-O Ne7 12. Nxc6 Nxc6 13. b3 O-O 14. Qd3 Rac8 15. Nd2 Bb4 16. Bxb4 Nxb4 17. Qf3 Rxc2 18. a3 Rxd2 19. axb4 Qxb4 20. Rxa7 Rb2
21. g4 Rxb3 22. Qd1 Rc8 23. g5 g6 24. Ra2 Rcc3 25. Ra8+ Kg7 26. Ra2 Rd3 27. Qc2 Qg4+ 28. Kh1 Rh3 29. Rg1 Qf3+ 30. Rg2 b5
31. Rb2 b4 32. Ra2 Rc3 33. Qb2 b3 34. Ra1 Rd3 35. Rb1 Rd1+ 36. Rxd1 Qxd1+ 37. Rg1 Qf3+ 38. Rg2 Qc3 39. Qb1 Qc2 40. Qxc2 bxc2
41. Rg1 Rc3 42. Rc1 d4 43. Kg1 d3
0-1

[Event "October Standard"]
[Site "SchemingMind.com"]
[Date "2005.10.09"]
[Round "-"]
[White "cnbcad"]
[Black "Masticore99"]
[Result "0-1"]
[WhiteCountry "USA"]
[BlackCountry "USA"]
[WhiteElo "1448"]
[WhiteRD "55"]
[BlackElo "1504"]
[BlackRD "78"]
[GameID "27067"]

1. e4 e5 2. Nf3 Nf6 3. d3 Nc6 4. g3 Bc5 5. Bg2 O-O 6. O-O d6 7. Bg5 h6 8. Bxf6 Qxf6 9. Nbd2 Be6 10. a3 Rad8
11. b4 Bb6 12. c4 Bg4 13. c5 dxc5 14. b5 Nd4 15. a4 c6 16. a5 Bc7 17. a6 bxa6 18. bxa6 Rb8 19. h3 Bxf3 20. Nxf3 Rb2
21. Rb1 Rfb8 22. Rxb2 Rxb2 23. Nxd4 cxd4 24. Qc1 Rb3 25. Qc5 Bb6 26. Qc4 Rc3 27. Qa4 Rxd3 28. Rc1 Rd2 29. f3 d3+ 30. Kh1 c5
31. Qe8+ Kh7 32. Rb1 c4 33. Rb5 Rd1+ 34. Kh2 c3 35. Rxe5 c2 36. Rf5 Qxf5 37. exf5 c1=Q 38. h4 Re1 39. Qxf7 Bd4 40. Qg6+ Kg8
41. f4 d2 42. Bd5+ Kh8 43. Qf7 Qc8 44. Qg6 d1=Q 45. f6 Bxf6 46. Be4 Qd2+
0-1

[Event "October Standard"]
[Site "SchemingMind.com"]
[Date "2005.10.09"]
[Round "-"]
[White "e_castle3"]
[Black "Masticore99"]
[Result "1/2-1/2"]
[WhiteCountry "PHI"]
[BlackCountry "USA"]
[WhiteElo "1773"]
[WhiteRD "85"]
[BlackElo "1552"]
[BlackRD "76"]
[GameID "27068"]

1. e4 c5 2. Nf3 d6 3. Bc4 g6 4. O-O Nc6 5. Re1 Bg7 6. c3 Bg4 7. h3 Bxf3 8. Qxf3 Nf6 9. d3 O-O 10. Bg5 a6
11. Nd2 b5 12. Bb3 Qa5 13. Bd5 Ne5 14. Qe3 Nxd5 15. exd5 Rfe8 16. Qg3 Rab8 17. f4 Nd7 18. Bxe7 Qc7 19. Nf3 Nb6 20. Bg5 Nxd5
21. Nd2 c4 22. d4 b4 23. Ne4 bxc3 24. bxc3 Qa5 25. f5 Nxc3 26. Nf6+ Bxf6 27. Bxf6 Ne4 28. Rxe4 Rxe4 29. Qxd6 Re1+ 30. Kh2 Rbe8
31. Rxe1 Qxe1 32. Be5 c3 33. Qf6 Kf8 34. Qg7+ Ke7 35. Qf6+ Kf8 36. Qg7+=
1/2-1/2

[Event "October Standard"]
[Site "SchemingMind.com"]
[Date "2005.10.09"]
[Round "-"]
[White "CHED"]
[Black "Masticore99"]
[Result "1-0"]
[WhiteCountry "USA"]
[BlackCountry "USA"]
[WhiteElo "1552"]
[WhiteRD "104"]
[BlackElo "1572"]
[BlackRD "81"]
[GameID "27069"]

1. Nf3 d5 2. c4 c6 3. e3 Bg4 4. Be2 Nd7 5. O-O e5 6. Qc2 Bc5 7. a3 e4 8. Nd4 Bxe2 9. Nxe2 Ngf6 10. b4 Bb6
11. c5 Bc7 12. Bb2 O-O 13. Nbc3 b6 14. cxb6 axb6 15. a4 Ne5 16. Nd4 c5 17. bxc5 bxc5 18. Ndb5 Ba5 19. Ne2 Nd3 20. Bc3 Bxc3
21. Nbxc3 Qa5 22. Rfb1 Rfb8 23. h3 d4 24. exd4 cxd4 25. Nxd4 Rxb1+ 26. Rxb1 h6 27. Nc6 Qf5 28. Ne7+
1-0

[Event "October Standard"]
[Site "SchemingMind.com"]
[Date "2005.10.09"]
[Round "-"]
[White "Atomov"]
[Black "Masticore99"]
[Result "1-0"]
[WhiteCountry "HUN"]
[BlackCountry "USA"]
[WhiteElo "1738"]
[WhiteRD "75"]
[BlackElo "1504"]
[BlackRD "78"]
[GameID "27070"]

1. e4 e5 2. Nf3 Nc6 3. d4 exd4 4. Nxd4 Bc5 5. Be3 d6 6. Nxc6 bxc6 7. Bxc5 dxc5 8. Qxd8+ Kxd8 9. Bc4 Ke7 10. O-O Rb8
11. b3 Nf6 12. Nd2 Rd8 13. Nf3 Kf8 14. Ng5 h6 15. Nxf7 Rd2 16. Ne5 Rb6 17. Rad1 Nxe4 18. Rxd2 Nxd2 19. Ng6+ Ke8 20. Re1+ Kd8
21. Rd1 Ba6 22. Rxd2+ Kc8 23. Be6+ Kb7 24. Ne5 Rb4 25. Rd8 Re4 26. Bc8+ Kb6 27. Nd7+ Ka5 28. Bxa6 Kxa6 29. Nxc5+
1-0

[Event "October Standard"]
[Site "SchemingMind.com"]
[Date "2005.10.09"]
[Round "-"]
[White "lucyjugs"]
[Black "Masticore99"]
[Result "0-1"]
[WhiteCountry "GBR"]
[BlackCountry "USA"]
[WhiteElo "1299"]
[WhiteRD "62"]
[BlackElo "1552"]
[BlackRD "76"]
[GameID "27071"]

1. e4 c5 2. c3 d6 3. d4 cxd4 4. cxd4 Nf6 5. Nc3 g6 6. Be3 Bg7 7. Nf3 O-O 8. Bd3 Ng4 9. O-O Nxe3 10. fxe3 Qb6
11. Qc2 Nc6 12. a3 Re8 13. Ng5 Bh6 14. Nf3 Bxe3+ 15. Kh1 Nxd4 16. Nxd4 Bxd4 17. Rab1 Be6 18. Ne2 Bg7 19. Nf4 Bd7 20. Rf2 Rac8
21. Qe2 e6 22. Rbf1 f5 23. exf5 exf5 24. Qd2 Bb5 25. Bxb5 Qxb5 26. Qxd6 Bxb2
0-1

[Event "October Standard"]
[Site "SchemingMind.com"]
[Date "2005.10.09"]
[Round "-"]
[White "Grazic66"]
[Black "loco61"]
[Result "1-0"]
[WhiteCountry "ITA"]
[BlackCountry "ENG"]
[WhiteElo "1777"]
[WhiteRD "101"]
[BlackElo "1549"]
[BlackRD "62"]
[GameID "27096"]

1. e4 e5 2. Nc3 Nf6 3. Bc4 Bb4 4. Nd5 Nxd5 5. Bxd5 c6 6. Bb3 d5 7. Qh5 Be6 8. Qxe5 Qf6 9. Qxf6 gxf6 10. exd5 cxd5
11. c3 Bd6 12. d4 Nd7 13. Ne2 Rg8 14. g3 b5 15. Bf4 Ke7 16. Bxd6+ Kxd6 17. Nf4 Nb6 18. Kd2 a5 19. a3 a4 20. Ba2 Nc4+
21. Bxc4 bxc4 22. h4 Bf5 23. Rae1 Rab8 24. Kc1 Be4 25. Rhg1 f5 26. Re3 Rge8 27. f3 Bd3 28. Rge1 Rxe3 29. Rxe3 Bf1 30. Re1 Bd3
31. Nxd3 Rg8 32. Nc5 Rxg3 33. Rf1 Rh3 34. Nxa4 Rxh4 35. f4 h5 36. Nc5 Rg4 37. Kd1 h4 38. a4 Kc6 39. a5 h3 40. Ke2 Rg2+
41. Kf3 Kb5 42. a6 Rg8 43. Rh1 Rh8 44. Kg3 Kb6 45. Rxh3 Rg8+ 46. Kf3 Rg6 47. Rh7 f6 48. Rb7+ Ka5 49. a7
1-0

[Event "October Standard"]
[Site "SchemingMind.com"]
[Date "2005.10.09"]
[Round "-"]
[White "Grazic66"]
[Black "cnbcad"]
[Result "1-0"]
[WhiteCountry "ITA"]
[BlackCountry "USA"]
[WhiteElo "1735"]
[WhiteRD "106"]
[BlackElo "1532"]
[BlackRD "52"]
[GameID "27097"]

1. Nf3 d5 2. c4 dxc4 3. e4 Bg4 4. Bxc4 Bxf3 5. Qxf3 e6 6. e5 g6 7. Qxb7 Nd7 8. Bb5 Rb8 9. Bxd7+ Kxd7 10. Qxa7 Bg7
11. d4 Ne7 12. O-O Nf5 13. Nc3 Qc8 14. Qa4+ Ke7 15. Ne4 Rd8 16. Bg5+ f6 17. Nxf6 Kf7 18. Rad1 c5 19. Qa7+ Rb7 20. Qxc5 Qxc5
21. dxc5 Rxd1 22. Rxd1 h6 23. c6 Rc7 24. Rd7+ Rxd7 25. cxd7 Ke7 26. g4 hxg5 27. gxf5 exf5 28. a4
1-0

[Event "October Standard"]
[Site "SchemingMind.com"]
[Date "2005.10.09"]
[Round "-"]
[White "Grazic66"]
[Black "Masticore99"]
[Result "1-0"]
[WhiteCountry "ITA"]
[BlackCountry "USA"]
[WhiteElo "1783"]
[WhiteRD "95"]
[BlackElo "1504"]
[BlackRD "78"]
[GameID "27098"]

1. d4 Nf6 2. c4 g6 3. Nc3 Bg7 4. e4 O-O 5. f4 d6 6. e5 dxe5 7. fxe5 Nfd7 8. Nf3 b6 9. Be2 Bb7 10. O-O e6
11. Bg5 Qe8 12. Nb5 Qc8 13. Qd2 c5 14. Nd6 Qc7 15. Nxb7 Qxb7 16. Be7 Re8 17. Bd6 cxd4 18. Qxd4 Nc6 19. Qe3 Rac8 20. b3 Red8
21. b4 Nxb4 22. Bxb4 Nc5 23. Ng5 Rd7 24. Rad1 Rxd1 25. Bxd1 Nd7 26. Nxf7 Rxc4 27. Nd6 Qc6 28. Nxc4 Qxc4 29. Bd6 Qd5 30. Bb3 Qb5
31. Qf3 Nxe5 32. Bxe5 Qxe5 33. Qf7+
1-0

[Event "October Standard"]
[Site "SchemingMind.com"]
[Date "2005.10.09"]
[Round "-"]
[White "Grazic66"]
[Black "e_castle3"]
[Result "1-0"]
[WhiteCountry "ITA"]
[BlackCountry "PHI"]
[WhiteElo "1779"]
[WhiteRD "117"]
[BlackElo "1704"]
[BlackRD "113"]
[GameID "27099"]

1. c4 e5 2. Nc3 Nf6 3. Nf3 Nc6 4. g3 g6 5. Bg2 Bg7 6. O-O O-O 7. d4 exd4 8. Nxd4 Nxd4 9. Qxd4 c6 10. Qd3 Re8
11. e4 a6 12. Be3 Qc7 13. Na4 b5 14. Nb6 Rb8 15. c5 Bf8 16. b4 d6 17. Rfd1 Re6 18. Bh3 Rxe4 19. Bxc8 Rxc8 20. Nxc8 Qxc8
21. cxd6 Qh3 22. d7 Ng4 23. Qxe4
1-0

[Event "October Standard"]
[Site "SchemingMind.com"]
[Date "2005.10.09"]
[Round "-"]
[White "Grazic66"]
[Black "CHED"]
[Result "1-0"]
[WhiteCountry "ITA"]
[BlackCountry "USA"]
[WhiteElo "1777"]
[WhiteRD "101"]
[BlackElo "1596"]
[BlackRD "84"]
[GameID "27100"]

1. e4 d6 2. d4 Nf6 3. Nc3 g6 4. f4 Bg7 5. Nf3 O-O 6. e5 dxe5 7. fxe5 Ne8 8. Be3 Nc6 9. Be2 Bf5 10. O-O Nb4
11. Rc1 c6 12. a3 Nd5 13. Nxd5 cxd5 14. Qd2 Nc7 15. Bd3 Bxd3 16. Qxd3 Rc8 17. Qd2 Ne6 18. Bh6 Qb6 19. Bxg7 Kxg7 20. c3 a5
21. h3 h6 22. Nh2 h5 23. g4 h4 24. Nf3 Rh8 25. Ng5 Rcf8 26. Rf2 Nxg5 27. Qxg5 Qe6 28. b3 b6 29. c4 Rc8 30. Rfc2 f6
31. exf6+ exf6 32. Qxd5 Qe3+ 33. Kh1 Qxh3+ 34. Rh2 Qxg4 35. Qb7+ Kh6 36. Rd2 Rh7 37. Qg2 Qxg2+ 38. Rxg2 g5 39. d5 f5 40. Re2 Rg7
41. Re6+ Rg6 42. Rce1 Rd8 43. Rxg6+ Kxg6 44. Re6+ Kh5 45. d6 Rd7 46. b4 g4 47. c5 h3 48. c6
1-0

[Event "October Standard"]
[Site "SchemingMind.com"]
[Date "2005.10.09"]
[Round "-"]
[White "Grazic66"]
[Black "Atomov"]
[Result "1-0"]
[WhiteCountry "ITA"]
[BlackCountry "HUN"]
[WhiteElo "1783"]
[WhiteRD "95"]
[BlackElo "1738"]
[BlackRD "75"]
[GameID "27101"]

1. c4 e5 2. Nc3 Nf6 3. Nf3 Nc6 4. g3 Bb4 5. Bg2 O-O 6. Nd5 e4 7. Nh4 Re8 8. Nxb4 Nxb4 9. a3 Nc6 10. d3 d5
11. cxd5 Nxd5 12. Bxe4 Bh3 13. Bg2 Qd7 14. O-O Rad8 15. Bg5 f6 16. Bd2 Nd4 17. e3 Ne6 18. d4 Ng5 19. Rc1 Bg4 20. f3 Bh3
21. g4 Bxg2 22. Kxg2 Rxe3 23. Nf5 Rde8 24. Nxe3 Rxe3 25. Kh1 Rd3 26. Qe2 Rxd4 27. Bxg5 fxg5 28. Rfd1 Rxd1+ 29. Rxd1 c6 30. Qe5 h6
31. b4 Qf7 32. Rd3 Qf4 33. Qxf4 gxf4 34. b5 g5 35. bxc6 bxc6 36. Rb3 Kf7 37. Rb7+ Ke6 38. Rxa7 c5 39. Kg2 c4 40. Kf2 c3
41. Ke2 Ne3 42. h3 c2 43. Kd2 Kd5 44. Rc7 Nc4+ 45. Kxc2 Nxa3+ 46. Kd3 Nb5 47. Rh7 Nd4 48. Rd7+
1-0

[Event "October Standard"]
[Site "SchemingMind.com"]
[Date "2005.10.09"]
[Round "-"]
[White "loco61"]
[Black "Grazic66"]
[Result "0-1"]
[WhiteCountry "ENG"]
[BlackCountry "ITA"]
[WhiteElo "1549"]
[WhiteRD "62"]
[BlackElo "1777"]
[BlackRD "101"]
[GameID "27103"]

1. e4 e5 2. Nf3 Nf6 3. Nc3 Nc6 4. Bb5 Bb4 5. d3 d6 6. a3 Bxc3+ 7. bxc3 O-O 8. h3 Bd7 9. Bg5 Qe7 10. Qd2 a6
11. Bc4 Be6 12. Bb3 Na5 13. Ba2 h6 14. Bh4 Bxa2 15. Rxa2 Qe6 16. Rb2 b5 17. O-O Nh5 18. Bg3 f5 19. Bh2 fxe4 20. dxe4 Nc4
21. Qc1 Nxb2 22. Qxb2 Nf4 23. Bxf4 Rxf4 24. Re1 Qg6 25. Qb3+ Kh7 26. Re3 Rxe4 27. Qd5 Rxe3 28. fxe3 Qe8 29. Nh4 Ra7 30. Qe4+ g6
31. g4 c6 32. Nf3 d5 33. Qxe5 Qxe5 34. Nxe5 Rc7 35. Kf2 Kg7 36. Kf3 Kf6 37. Nd3 c5 38. Kf4 g5+ 39. Kf3 a5 40. e4 d4
41. cxd4 cxd4 42. e5+ Ke6 43. Ke4 Rxc2 44. Kxd4 Rc4+ 45. Ke3 Kd5 46. Kd2 Ra4 47. Kc2 Rxa3 48. Kd2 Rxd3+ 49. Kxd3 Kxe5
0-1

[Event "October Standard"]
[Site "SchemingMind.com"]
[Date "2005.10.09"]
[Round "-"]
[White "cnbcad"]
[Black "Grazic66"]
[Result "0-1"]
[WhiteCountry "USA"]
[BlackCountry "ITA"]
[WhiteElo "1448"]
[WhiteRD "55"]
[BlackElo "1783"]
[BlackRD "95"]
[GameID "27104"]

1. e4 Nf6 2. e5 Nd5 3. c4 Nb6 4. c5 Nd5 5. Bc4 c6 6. Bxd5 cxd5 7. d4 d6 8. exd6 exd6 9. Qe2+ Be6 10. Qb5+ Qd7
11. Qe2 dxc5 12. Nf3 Nc6 13. Ne5 Nxe5 14. Qxe5 f6 15. Qe3 b6 16. O-O Kf7 17. dxc5 Bxc5 18. Qf3 d4 19. Nd2 Bd5 20. Ne4 Qc6
21. Re1 Rae8 22. Ng5+ Kf8 23. Rxe8+ Kxe8 24. Qe2+ Kf8 25. Nf3 Kf7 26. Bf4 Re8 27. Qd3 Be4 28. Qc4+ Bd5 29. Qd3 Bxf3 30. Qxf3 Qxf3
31. gxf3 g5 32. Bd2 Re2 33. Rd1 d3 34. b4 Bxf2+ 35. Kh1 Be3 36. Bxe3 Rxe3 37. Rd2 f5 38. Kg2 f4 39. h3 Kf6 40. a3 h5
41. a4 Kf5
0-1

[Event "October Standard"]
[Site "SchemingMind.com"]
[Date "2005.10.09"]
[Round "-"]
[White "Masticore99"]
[Black "Grazic66"]
[Result "0-1"]
[WhiteCountry "USA"]
[BlackCountry "ITA"]
[WhiteElo "1496"]
[WhiteRD "83"]
[BlackElo "1791"]
[BlackRD "98"]
[GameID "27105"]

1. e4 e5 2. Nf3 Nf6 3. Nxe5 d6 4. Nf3 Nxe4 5. d3 Nf6 6. Bg5 Be7 7. Qe2 O-O 8. Nc3 Re8 9. O-O-O Ng4 10. Bxe7 Rxe7
11. Qd2 c6 12. Ne4 d5 13. Nc5 b6 14. Nb3 a5 15. h3 Nh6 16. d4 a4 17. Na1 a3 18. b3 Bf5 19. Bd3 Qc7 20. g4 Be4
21. Bxe4 dxe4 22. Ne5 Nd7 23. Qe3 Nxe5 24. dxe5 Qxe5 25. Kd2 Rd8+ 26. Ke2 Red7 27. Rxd7 Rxd7 28. c4 Qb2+ 29. Kf1 Rd1+ 30. Kg2 Rxh1
31. Kxh1 Qxa1+ 32. Kg2 c5 33. Qxe4 g6 34. Qa8+ Kg7 35. Qxa3 Ng8 36. Qa6 Qf6 37. a4 h5 38. a5 bxa5 39. Qxa5 Qc6+ 40. Kg3 hxg4
41. hxg4 Nf6 42. b4 cxb4 43. Qxb4 Ne4+ 44. Kh4 g5+ 45. Kh3 Nxf2+ 46. Kg3 Ne4+ 47. Kf3 Nd2+ 48. Kg3 Nxc4 49. Qc3+ f6 50. Qb3 Nd2
51. Qb4 Qf3+ 52. Kh2 Qf4+
0-1

[Event "October Standard"]
[Site "SchemingMind.com"]
[Date "2005.10.09"]
[Round "-"]
[White "e_castle3"]
[Black "Grazic66"]
[Result "1-0"]
[WhiteCountry "PHI"]
[BlackCountry "ITA"]
[WhiteElo "1773"]
[WhiteRD "85"]
[BlackElo "1735"]
[BlackRD "106"]
[GameID "27106"]

1. e4 e5 2. Nf3 Nf6 3. Nc3 Nc6 4. Bb5 Bb4 5. O-O O-O 6. Re1 d6 7. a3 Ba5 8. d3 Bg4 9. h3 Be6 10. Bg5 Bxc3
11. bxc3 a6 12. Ba4 b5 13. Bb3 Qe7 14. d4 Bc4 15. d5 Na5 16. Nd2 c5 17. Re3 h6 18. Bh4 g5 19. Bg3 Nh5 20. Qxh5 Qf6
21. Bxc4 Nxc4 22. Nxc4 bxc4 23. Rb1 Rab8 24. Qd1 Rb5 25. Rxb5 axb5 26. Qb1 Rb8 27. Rf3 Qg6 28. Rf5 f6 29. f3 Kg7 30. Be1 Qf7
31. Bd2 Qa7 32. Qc1 Rb6 33. Qe1 Qxa3 34. h4 Qb2 35. hxg5 hxg5 36. Bxg5 fxg5 37. Rxg5+ Kf6 38. Rf5+
1-0

[Event "October Standard"]
[Site "SchemingMind.com"]
[Date "2005.10.09"]
[Round "-"]
[White "CHED"]
[Black "Grazic66"]
[Result "0-1"]
[WhiteCountry "USA"]
[BlackCountry "ITA"]
[WhiteElo "1576"]
[WhiteRD "90"]
[BlackElo "1735"]
[BlackRD "106"]
[GameID "27107"]

1. Nf3 g6 2. g3 Bg7 3. Bg2 Nf6 4. O-O O-O 5. c4 c5 6. Nc3 d5 7. cxd5 Nxd5 8. Qb3 Nxc3 9. bxc3 Qc7 10. Bb2 c4
11. Qa4 Bd7 12. Qc2 Nc6 13. Rab1 Rab8 14. Ba3 b5 15. Bc5 Rfe8 16. Rb2 a5 17. a3 Bf5 18. e4 Bg4 19. Rfb1 f5 20. Ng5 fxe4
21. Bxe4 Ne5 22. Ne6 Bxe6 23. Rxb5 Rxb5 24. Rxb5 Bd7 25. Bb6 Qb8 26. Rb2 Qd6 27. Bxa5 Nd3 28. Ra2 Bf5 29. Bxf5 gxf5 30. Ra1 Qc5
31. Bb4 Qxf2+ 32. Kh1 Ne1
0-1

[Event "October Standard"]
[Site "SchemingMind.com"]
[Date "2005.10.09"]
[Round "-"]
[White "Atomov"]
[Black "Grazic66"]
[Result "1-0"]
[WhiteCountry "HUN"]
[BlackCountry "ITA"]
[WhiteElo "1714"]
[WhiteRD "81"]
[BlackElo "1735"]
[BlackRD "106"]
[GameID "27108"]

1. e4 Nf6 2. e5 Nd5 3. d4 d6 4. Nf3 Bg4 5. Be2 e6 6. O-O Be7 7. c4 Nb6 8. Nc3 dxe5 9. Nxe5 Bxe2 10. Qxe2 O-O
11. Be3 N8d7 12. Rad1 c6 13. Ne4 Bg5 14. Nxg5 f6 15. Nxe6 Qe7 16. Nxf8 Qxf8 17. Nxd7 Nxd7 18. c5
1-0